Gendering colonial India : (Record no. 1649)

MARC details
000 -LEADER
fixed length control field 00821nam a2200241 a 4500
003 - CONTROL NUMBER IDENTIFIER
control field BD-DhJNU
005 - DATE AND TIME OF LATEST TRANSACTION
control field 20250504042712.0
008 - FIXED-LENGTH DATA ELEMENTS--GENERAL INFORMATION
fixed length control field 120319s2012 ii b 001 0 eng d
020 ## - INTERNATIONAL STANDARD BOOK NUMBER
International Standard Book Number 9788125044727
040 ## - CATALOGING SOURCE
Original cataloging agency BD-DhJNU
Language of cataloging ENG
Transcribing agency BD-DhJNU
Modifying agency BD-DhJNU
082 04 - DEWEY DECIMAL CLASSIFICATION NUMBER
Classification number 306.0954 GEN
Edition number 23
245 00 - TITLE STATEMENT
Title Gendering colonial India :
Remainder of title reforms, print, caste and communalism /
Statement of responsibility, etc. edited by Charu Gupta
264 #1 - PRODUCTION, PUBLICATION, DISTRIBUTION, MANUFACTURE, AND COPYRIGHT NOTICE
Place of production, publication, distribution, manufacture New Delhi :
Name of producer, publisher, distributor, manufacturer Orient Blackswan,
Date of production, publication, distribution, manufacture, or copyright notice 2012.
300 ## - PHYSICAL DESCRIPTION
Extent viii, 394 p. ;
Dimensions 23 cm.
490 0# - SERIES STATEMENT
Series statement Critical thinking in South Asian history
500 ## - GENERAL NOTE
General note Contributed articles.
504 ## - BIBLIOGRAPHY, ETC. NOTE
Bibliography, etc. note Includes bibliographical references (pages 370-377) and index.
650 #0 - SUBJECT ADDED ENTRY--TOPICAL TERM
Topical term or geographic name entry element Feminism
Geographic subdivision India.
650 #0 - SUBJECT ADDED ENTRY--TOPICAL TERM
Topical term or geographic name entry element Caste
Geographic subdivision India
General subdivision History.
650 #0 - SUBJECT ADDED ENTRY--TOPICAL TERM
Topical term or geographic name entry element Group identity
Geographic subdivision India
General subdivision History.
700 1# - ADDED ENTRY--PERSONAL NAME
Personal name Gupta, Charu,
Relator term editor.
942 ## - ADDED ENTRY ELEMENTS (KOHA)
Koha item type Books
Holdings
Withdrawn status Lost status Source of classification or shelving scheme Damaged status Not for loan Collection Home library Current library Shelving location Date acquired Source of acquisition Total checkouts Full call number Barcode Date last seen Copy number Price effective from Koha item type
    Dewey Decimal Classification     Non-fiction Jagannath University Central Library Jagannath University Central Library General stacks 05/04/2025 Purchased   306.0954 GEN JNUCL29144 05/04/2025 1 05/04/2025 Books